| 000 | 00697nam a22002297a 4500 | ||
|---|---|---|---|
| 005 | 20170124110207.0 | ||
| 010 | _aB-181214 | ||
| 020 |
_c00.00 _a8180960218 |
||
| 035 | _aB-181214 | ||
| 037 | _bCen Lib/Ret | ||
| 040 |
_aDPL _bEN |
||
| 082 |
_a005.43 _bDIM |
||
| 100 |
_aDimri, S.C. _937505 |
||
| 245 |
_aGraphical user interface / _cby S.C. Dimri |
||
| 260 |
_aNew Delhi _bSaloni publications house _c2004 |
||
| 270 |
_a4675/21, Ansari road, Daryagnj _bNew Delhi _e110002 |
||
| 300 |
_a243p. _c20cm(Hb) |
||
| 500 | _aIncludes index | ||
| 650 |
_aComputer science _937506 |
||
| 650 |
_aGraphic user interface _xComputer system _937507 |
||
| 942 |
_2ddc _cEN _h005.43 _mDIM |
||
| 999 |
_c133293 _d133293 |
||